[Event "Manavgat Turkey Cup"]
[Site "Manavgat"]
[Date "2016.02.04"]
[Round "8"]
[White "Ozbek, Deniz"]
[Black "Demir, Hilmi Mustafa"]
[Result "0-1"]
[WhiteElo "1634"]
[BlackElo "1823"]
[PlyCount "60"]
[EventDate "2016.01.30"]
[EventType "swiss"]
[EventRounds "11"]
[EventCountry "TUR"]
[SourceTitle "CBM 170 Extra"]
[Source "ChessBase"]
[SourceDate "2016.02.25"]
[SourceVersion "1"]
[SourceVersionDate "2016.02.25"]
[SourceQuality "1"]

1. e4 e5 2. Nf3 Nc6 3. Nc3 Nf6 4. Bc4 Nxe4 5. Nxe4 d5 6. Bd3 Nb4 7. Nxe5 dxe4 8. Be2 Qg5 9. Ng4 Bxg4 10. Bxg4 Bd6 11. 0-0 f5 12. Be2 f4 13. d3 Qe5 14. d4 Qf6 15. f3 e3 16. a3 Nc6 17. Bb5 0-0 18. Bxc6 bxc6 19. c3 Rae8 20. Qe2 Kh8 21. b4 Re6 22. Ra2 Qh4 23. h3 Rg6 24. Kh2 Re8 25. Qa6 Qd8 26. Qxa7 Be7 27. Qa4 Bh4 28. Qd1 Bf2 29. Qe2 Qh4 30. Rc2 Rxg2+ 0-1

[Event "Manavgat Turkey Cup"]
[Site "Manavgat"]
[Date "2015.02.01"]
[Round "3"]
[White "Ceylan, Metin"]
[Black "Ozbek, Deniz"]
[Result "0-1"]
[WhiteElo "1830"]
[BlackElo "1614"]
[PlyCount "65"]
[EventDate "2015.01.31"]
[EventType "swiss"]
[EventRounds "11"]
[EventCountry "TUR"]
[SourceTitle "CBM 164 Extra"]
[Source "ChessBase"]
[SourceDate "2015.03.02"]
[SourceVersion "1"]
[SourceVersionDate "2015.03.02"]
[SourceQuality "1"]

1. d4 d5 2. c4 e6 3. Nc3 Nf6 4. Nf3 Be7 5. e3 c5 6. cxd5 exd5 7. dxc5 Nc6 8. Nd4 Bxc5 9. Bb5 Qd6 10. 0-0 0-0 11. Nxc6 bxc6 12. Bd3 Ng4 13. g3 Qh6 14. h4 Qf6 15. Be2 h5 16. Na4 Bd6 17. Bd2 Qg6 18. Bf3 Ba6 19. Bxg4 hxg4 20. Re1 Bd3 21. Rc1 Rac8 22. Nc5 Bxc5 23. Rxc5 Be4 24. Bc3 Qh5 25. Qd4 Qg6 26. Rc1 f6 27. Ra5 Qf5 28. Kf1 c5 29. Rxc5 Rxc5 30. Qxc5 Bd3+ 31. Kg1 Qf3 32. Bb4 Re8 33. Qc6 0-1